Cities by suburb: Switzerland - Statistics

General Stats
  • This quiz has been taken 62 times
  • The average score is 7 of 8
Answer Stats
Hint Answer % Correct
Bossons, Ouchy, La Conversion Lausanne
98%
Nations, Acacias, Frontenex, Saint John Geneva
96%
Clara, Am Ring, Otterbach, Saint-Louis Basel
94%
Bethlehem, Sandrain, Bümpliz, Spitalacker Bern
92%
Gentilino, Paradiso, Canobbio, Pregassona, Lugano
88%
Hard, Werd, Hottingen, Weinegg Zürich
88%
Rosenberg, St Josefen, St Georgen St Gallen
78%
Gutschick, Härti, Zinzikon, Seen, Waldegg Winterthur
59%
No matching quizzes found
Score Distribution
Percent of People with Each Score
Percentile by Number Answered
Your Score History
You have not taken this quiz